| 000 | 01365namaa22003131i 4500 | ||
|---|---|---|---|
| 005 | 20260228134210.0 | ||
| 008 | 260208s1996 ua a|||fr|m|| 000 0 eng d | ||
| 040 |
_aEG-GICUC _beng _cEG-GICUC _dEG-GICUC _erda |
||
| 041 | 0 |
_aeng _beng _bara |
|
| 049 | _aDeposit | ||
| 097 | _aM.Sc | ||
| 099 | _aCai01.13.07.M.Sc.1996.Ah.T | ||
| 100 | 0 |
_aAhmed Mohamed Ahmed Hal, _epreparation. |
|
| 245 | 1 | 4 |
_aThe influence of atmospheric conditions on the sparkover voltage in long air gaps under switching impulse voltages / _cBy Ahmed Mohamed Ahmed Hal ; Supervised Prof.Dr. R. M. Radwan , Prof. Dr. R. Amer. |
| 246 | 1 | 5 | _aتأثير الظروف الجوية على جهد الانهيار للثفرات الهوائية الطويلة تحت تاثير الدفعية للفصل والتوصيل |
| 264 | 0 | _c1996 | |
| 300 |
_a106 pages : _billustrations ; _c25 cm. + |
||
| 336 |
_2rda content _atext |
||
| 337 |
_2rdamedia _aUnmediated |
||
| 338 |
_2rdacarrier _avolume |
||
| 502 | _aThesis (M.Sc.) - Cairo University,1996. | ||
| 504 | _aBibliography: pages 104-106. | ||
| 653 | 0 | _along air gaps | |
| 700 | 0 |
_aR. M. Radwan _ethesis advisor. |
|
| 700 | 0 |
_aR. Amer _ethesis advisor. |
|
| 900 |
_DDepartment of Electrical Engineering _FFaculty of Engineering _UCairo University _b1996 _cR. M. Radwan _cR. Amer |
||
| 905 |
_aNagat _eNourhan |
||
| 942 |
_2ddc _cTH _e21 _n0 |
||
| 999 | _c178247 | ||